Virtual Power Purchase Agreement – finančné a účtovné aspekty

V snahe riešiť globálny problém súvisiaci s klimatickými zmenami a vyčerpávaním fosílnych palív sa svet neustále obracia k obnoviteľným zdrojom energie ako kľúčovému riešeniu. V súčasnej dobe, keď klimatické zmeny už nepredstavujú len budúce hrozby, ale naliehavé výzvy, sa obnoviteľné formy elektric...

Ausführliche Beschreibung

Gespeichert in:
Bibliographische Detailangaben
1. Verfasser: Lyócsa, Marko
Weitere Verfasser: Markovič, Peter, 1974-
Format: Buchkapitel
Sprache:Slowakisch
Schlagworte:
Tags: Tag hinzufügen
Keine Tags, Fügen Sie das erste Tag hinzu!

MARC

LEADER 00000naa$a2200000$$$4500
001 0311810
005 20250806115617.0
041 0 |a slo 
044 |a SK 
245 1 0 |a Virtual Power Purchase Agreement – finančné a účtovné aspekty  |c Marko Lyócsa, Peter Markovič 
520 |a V snahe riešiť globálny problém súvisiaci s klimatickými zmenami a vyčerpávaním fosílnych palív sa svet neustále obracia k obnoviteľným zdrojom energie ako kľúčovému riešeniu. V súčasnej dobe, keď klimatické zmeny už nepredstavujú len budúce hrozby, ale naliehavé výzvy, sa obnoviteľné formy elektrickej energie čoraz viac dostávajú do popredia ako nevyhnutné zdroje energie. Solárne panely, veterné turbíny, či vodné elektrárne nie sú len technologickými inováciami, ale zásadnými stavebnými kameňmi novej, udržateľnej energetickej budúcnosti. Tento posun je podopieraný nielen environmentálnou potrebou, ale aj tlakom zo strany investorov, verejnosti či zákonnej moci na dodržiavanie štandardov ESG. 
610 2 0 |a ESG 
610 2 0 |a zmeny klimatické 
610 2 0 |a palivá fosílne 
610 2 0 |a účtovníctvo 
610 2 0 |a ekológia 
100 1 |a Lyócsa, Marko 
700 1 |a Markovič, Peter, 1974-